Regionální interpretace vývoje hornické činnosti a indukované seismicity pro hodnocení zákonitostí procesu porušovaní horského masivu

Bibliographic Details
Main Author: Konečný, Petr (Author)
Format: Article
Language:Czech
Slovak
PhysicalDescription:Obr. 2., lit. 4 zázn. v češ., angl.
Subjects:

MARC

LEADER 00000nab a2200000 a 4500
001 vtls000427089
003 SK-MaSNL
005 20260304032127.0
008 160201c1990 xo 0 cze
015 |a SNBRA19rr/mm-uuuuu 
035 |a CL0427217 
040 |a SNKBUCL  |b slo  |c SNKBUCL  |e AACR2 
041 0 |a slo 
044 |a xo  |c SK 
080 |a 551.432:622  |2 1981 
080 |a 622  |2 1981 
080 |a 550.34.06  |2 1981 
100 1 |a Konečný, Petr  |4 aut  |9 351075 
245 1 0 |a Regionální interpretace vývoje hornické činnosti a indukované seismicity pro hodnocení zákonitostí procesu porušovaní horského masivu  |c Petr Konečný 
300 |b Obr. 2., lit. 4 zázn. v češ., angl. 
650 0 7 |a horské masívy  |2 snkbucl  |9 115560 
650 0 7 |a indukovaná seizmicita  |2 snkbucl  |9 156799 
650 0 7 |a baníctvo  |2 snkbucl  |9 3571 
655 7 |a články zo zborníkov  |2 snkbucl  |9 166140 
773 0 |t Nové poznatky vedy, výskumu a praxe v mechanike hornín  |d Košice : Dom techniky ZSVTS, 1990  |g S. 54-58 
850 |a Slovenská národná knižnica v Martine  |a MTA001 
852 |a SNK  |b KIS3GCP 
958 |a RK 
958 |a CZ 
992 |a RZB 
999 |c 2641413  |d 2643343